Computer-aided analysis of energy consumption in ethanol-water distillation operations /

Bibliographic Details
Main Author: Nguyen, X. N.
Corporate Authors: United States. Department of Energy, Solar Energy Research Institute
Other Authors: Heyman, E. C. (Eva C.)
Format: Government Document Book
Language:English
Published: Golden, Colo. : Springfield, VA : Solar Energy Research Institute ; Available from National Technical Information Service, 1982.
Series:SERI/TR ; 621-1335.
Subjects:

MARC

Tag First Indicator Second Indicator Subfields
LEADER 00000cam a2200000 a 4500
001 in00000830821
005 20151018125406.0
008 820930s1982 coua b f00010 eng d
010 |a gp 82025654  
035 |a (OCoLC)08819727 
035 |9 ADY0821AM 
040 |a GPO  |c GPO  |d UtOrBLW 
074 |a 429-T-4 
086 0 |a E 1.28:SERI/TR-621-1335 
100 1 |a Nguyen, X. N. 
245 1 0 |a Computer-aided analysis of energy consumption in ethanol-water distillation operations /  |c X.N. Nguyen, E.C. Heyman ; prepared for the U.S. Department of Energy. 
264 1 |a Golden, Colo. :  |b Solar Energy Research Institute ;  |a Springfield, VA :  |b Available from National Technical Information Service,  |c 1982. 
300 |a xi, 22 pages :  |b illustrations ;  |c 28 cm. 
336 |a text  |b txt  |2 rdacontent 
337 |a unmediated  |b n  |2 rdamedia 
338 |a volume  |b nc  |2 rdacarrier 
490 1 |a SERI/TR ;  |v 621-1335 
500 |a "February 1982." 
504 |a Includes bibliographical references. 
500 |a "Prepared under task number 1034.00, WPA number 241A-81." 
650 0 |a Alcohol. 
650 0 |a Distillation  |x Energy consumption. 
700 1 |a Heyman, E. C.  |q (Eva C.) 
710 1 |a United States.  |b Department of Energy. 
710 2 |a Solar Energy Research Institute. 
830 0 |a SERI/TR ;  |v 621-1335. 
999 |a MARS 
999 f f |s 74881c02-1015-315a-a611-081918c0b461  |i bffa7ab0-b89a-3a9c-8b72-6cb837d9a63a  |t 0 
952 f f |p normal  |a Texas A&M University  |b College Station  |c Sterling C. Evans Library  |d Evans: US Documents (Annex 5th floor)  |t 0  |e E 1.28:SERI/TR-621-1335  |h Superintendent of Documents classification  |i unmediated -- volume  |m A14835832706 
998 f f |a E 1.28:SERI/TR-621-1335  |t 0  |l Evans: US Documents (Annex 5th floor)